Etnocentrizmus a jeho úloha v spotrebiteľskom správaní generácie Z na Slovensku habilitačná práca

Na minha lista:
Detalhes bibliográficos
Autor principal: Čvirik, Marián, 1992-
Autor Corporativo: Obchodná fakulta EU. Katedra marketingu
Formato: Livro
Idioma:eslovaco
Publicado em: Bratislava 2025
Tags: Adicionar Tag
Sem tags, seja o primeiro a adicionar uma tag!

MARC

LEADER 00000nbm a2200000 4500
001 0308613
005 20250526091224.9
041 0 |a slo 
044 |a SK 
245 1 0 |a Etnocentrizmus a jeho úloha v spotrebiteľskom správaní generácie Z na Slovensku  |b habilitačná práca  |c Marián Čvirik ; školiteľ: Grzegorz Maciejewski 
264 1 |a Bratislava  |c 2025 
300 |a 77 s. 
100 1 |a Čvirik, Marián, 1992- 
710 2 |a Obchodná fakulta EU. Katedra marketingu